Duitse kentekens - Statistieken

Algemene statistieken
  • Deze quiz is 64 keer genomen
  • De gemiddelde score is 9 van 16
Antwoordstatistieken
Foto Antwoord % Correct
Berlijn
89%
Dortmund
80%
Kiel
76%
Hamburg
74%
München
74%
Keulen
69%
Aken
57%
Bielefeld
56%
Augsburg
54%
Oldenburg
52%
Jena
48%
Leer
46%
Cuxhaven
43%
Celle
37%
Zwickau
37%
Passau
33%
Geen overeenkomende quizzen gevonden
Scoreverdeling
Procent van Mensen met Elke Score
Percentiel versus Aantal Correcte Antwoorden
Uw Scoregeschiedenis
U heeft deze quiz nog niet genomen